000 00698nam a2200205Ii 4500
001 11235
003 CO-ViMGA
008 241108s9999||||xx |||||||||||||| ||und||
040 _aCO-ViMGA
_bspa
_erda
_cCO-ViMGA
041 0 _aunk
082 0 4 _a347.052-H557
100 1 _aGuillermo Hernández de Alba
_947520
245 1 0 _aDefensa del General Antonio Nariño pronunciada ante el Senado de la República el 14 de Mayo de 1823
264 1 _a[Lugar de publicación no identificado] : Imprenta Nacional, 1980
300 _avolumen
336 _atext
_btxt
_2rdacontent
337 _aunmediated
_bn
_2rdamedia
338 _avolume
_bnc
_2rdacarrier
940 _aidficha_siabuc: 10968. -- ficha_no_siabuc:11235
999 _c52127
_d52127